000 00253cam a2200097ua 4500
100 _aZemansky, .
245 _aBasic engineering thermodynamics
_hTextual Documents
250 _a2.
260 _bMMc
_aS
_bMcGraw Hill Book Company
_aS
_aNew York
300 _a492.
999 _c13589
_d13589